000 00494nam a2200181Ia 4500
008 090123s9999 xx 000 0 und d
082 _b160
100 _aकाणेकर अनंत
245 _aनवे किरण
250 _a3
260 _bदेशमुख रा.ज.
300 _a96
600 _aकाणेकर अनंत
630 _aनवे किरण
700 _aकाणेकर अनंत
730 _aनवे किरण
942 _cBOOK
999 _c38248
_d38248